00529nam a2200169Ia 4500003000400000008004100004020001500045040001600060082002300076100002000099245006200119250001700181260005900198300002400257650004600281650003200327GCL140319s9999 xx 000 0 ara d a?175429977 aGCL / cGCL04aقb811.009bف ا1 aفكرى حسن10aاشعار فى مصر القديمة / cفكرى حسن aالاولى aالقاهرة : bالحضارة للنشر ، c1999 a127 ص ؛ c10 سم04aالشعر - دواوين و قصائد04aالشعر - مجموعات